[Event "FRA-ch op-B"]
[Site "L'Alpe d'Huez"]
[Date "2023.08.21"]
[Round "3"]
[White "Fischer, Thorange"]
[Black "Plaidit, Hugo"]
[Result "1-0"]
[WhiteElo "1845"]
[BlackElo "1920"]
[PlyCount "92"]
[EventDate "2023.08.19"]
[EventType "swiss"]
[EventRounds "9"]
[EventCountry "FRA"]
[SourceTitle "EXT 2024"]
[Source "ChessBase"]
[SourceDate "2023.10.10"]
[SourceVersion "1"]
[SourceVersionDate "2023.10.10"]
[SourceQuality "1"]

1. Nf3 Nf6 2. g3 b5 3. d4 Bb7 4. Bg2 e6 5. 0-0 c5 6. c3 Be7 7. a4 b4 8. Bg5 0-0 9. a5 Na6 10. dxc5 Rc8 11. Bxf6 gxf6 12. Qd3 Nxc5 13. Qc4 bxc3 14. Nxc3 Ne4 15. Qb3 Nxc3 16. Qxb7 Rb8 17. Qxa7 Nxe2+ 18. Kh1 Rxb2 19. Qe3 Qc7 20. Nd2 Qc2 21. Qxe2 Qxd2 22. Qxd2 Rxd2 23. a6 d5 24. a7 Ra8 25. Rfb1 Bd6 26. f4 Rc2 27. Rb6 Bc7 28. Rb7 Kf8 29. Bf1 h6 30. Bb5 Rc5 31. Ra6 Rxb5 32. Rxb5 Ke7 33. Kg2 Kd7 34. Kf3 h5 35. Ke3 Ke7 36. Rb7 Kd7 37. Kd4 Kc8 38. Rb5 h4 39. gxh4 Bxf4 40. h5 Bxh2 41. h6 Be5+ 42. Kc5 f5 43. h7 f4 44. Rc6+ Kd7 45. Rb7+ Kd8 46. Rb8+ Ke7 1-0

[Event "FRA-ch Blitz Online Qual"]
[Site "Europe Echecs INT"]
[Date "2020.05.16"]
[Round "12"]
[White "Plaidit, Hugo"]
[Black "L`Heritier, Boris"]
[Result "0-1"]
[WhiteElo "1319"]
[BlackElo "1763"]
[PlyCount "66"]
[EventDate "2020.05.16"]
[EventType "swiss (blitz)"]
[EventRounds "15"]
[EventCountry "FRA"]
[SourceTitle "CBM 196 Extra"]
[Source "ChessBase"]
[SourceDate "2020.07.31"]
[SourceVersion "1"]
[SourceVersionDate "2020.07.31"]
[SourceQuality "1"]

1. e4 g6 2. d4 Bg7 3. Nf3 c6 4. Nc3 d5 5. exd5 cxd5 6. Bf4 Nc6 7. Be2 Bg4 8. Be3 e6 9. h3 Bxf3 10. Bxf3 Nge7 11. 0-0 0-0 12. Qd2 Nf5 13. Rad1 Nfxd4 14. Bxd4 Nxd4 15. Be2 a6 16. Rfe1 Rc8 17. a3 b5 18. Bf1 Qb6 19. Bd3 Nc6 20. a4 b4 21. Ne2 Ne5 22. b3 Nxd3 23. Qxd3 a5 24. Ng3 Rc3 25. Qe2 Rfc8 26. Nf1 Rxc2 27. Qf3 R8c3 28. Qf4 Bh6 29. Qf6 Bg7 30. Qf4 e5 31. Qg4 Qxf2+ 32. Kh1 f5 33. Qg5 Bf6 0-1